000 00576cam a22002053a 4500
001 43056
003 PGUSA
005 20140828083958.0
008 130629s2013||||xxu|||||s|||||000 | eng d
040 _aPGUSA
_beng
042 _adc
100 1 _aGraetz, Heinrich
245 1 0 _aHistory of the Jews, Vol. I (of 6)
_h[electronic resource] /
_cHeinrich Graetz
260 _bProject Gutenberg,
_c2013
506 _aPublic domain in the USA.
516 _aElectronic text
830 0 _aProject Gutenberg
_v43056
856 4 0 _uhttp://www.gutenberg.org/ebooks/43056
942 _cEB
999 _c272307
_d272307